Theory into practice: activities in school for student-teachers
Gespeichert in:
| Hauptverfasser: | , |
|---|---|
| Format: | Buch |
| Sprache: | Englisch |
| Veröffentlicht: |
Londres
McGraw-Hill
1974
|
| Schriftenreihe: | Science Teacher Education Project
|
| Schlagworte: | |
| Tags: |
Tag hinzufügen
Keine Tags, Fügen Sie den ersten Tag hinzu!
|
MARC
| LEADER | 00000nam a2200000 a 4500 | ||
|---|---|---|---|
| 001 | UCT4956 | ||
| 003 | CL-VaPUC | ||
| 008 | 961127e19740000UK |||||||||||||||||eng|d | ||
| 082 | 0 | 4 | |a 371.102 |b HAY |2 21 |
| 100 | |a Haysom, John T |e author |9 374242 | ||
| 700 | 0 | |a Sutton, Clive |e author |9 374236 | |
| 245 | 1 | 0 | |a Theory into practice: activities in school for student-teachers |
| 300 | |a 86 p | ||
| 942 | |c BK | ||
| 945 | |d 19961127 00:00:00 |a paguirre | ||
| 260 | |a Londres |b McGraw-Hill |c 1974 | ||
| 650 | 7 | |a RELACION DOCENTE ALUMNO |2 CL-VaPUC |9 307734 | |
| 650 | 0 | |a Comportamiento |9 308406 | |
| 650 | 7 | |a PSICOSOCIOLOGIA EDUCACIONAL |2 CL-VaPUC |9 338387 | |
| 650 | 7 | |a MEDIO EDUCACIONAL |2 CL-VaPUC |9 309106 | |
| 583 | |a last modification |c 19961127 00:00:00 |k Rodrigo Vera | ||
| 490 | 0 | |a Science Teacher Education Project | |
| 999 | |c 254035 |d 254033 | ||
| 952 | |0 0 |1 0 |4 0 |6 371_102000000000000_HAY_1974 |7 0 |8 A |9 275380 |a BIBCUR |b BIBCUR |d 2019-11-19 |i 1791893 |o 371.102 HAY 1974 |p 1791893 |r 2025-04-22 |w 2019-11-19 |y BK |k BCB | ||